000 00388nam a2200145Ia 4500
008 230917s9999||||xx |||||||||||||| ||und||
040 _e153166
_aMAIN
041 _aEnglish
082 _a294.6 G537A:D
100 _aAhluwalia, Rajender Singh
245 0 _aDashmesh pita Guru Gobind Singh
260 _aChandigarh
_bGuru Govind Singh Foundation
_c1966
300 _a133 p.
942 _cBK
999 _c226164
_d226164